Aufbruch nach Europa 1. Bodenseeforum 1989

Gespeichert in:
Bibliographische Detailangaben
Weitere Verfasser: Timmermann, Manfred, Maus, Robert, Ritscherle, Wolfgang, Sund, Horst
Format: Buch
Sprache:Deutsch
Veröffentlicht: St. Gallen Universitätsverlag Konstanz 1989
Ausgabe:1. Aufl.
Schlagworte:
Tags: Tag hinzufügen
Keine Tags, Fügen Sie das erste Tag hinzu!

MARC

LEADER 00000nam a2200000 4500
001 c019402
005 20230227122712.7
041 0 |a ger 
044 |a CH 
245 1 0 |a Aufbruch nach Europa  |b 1. Bodenseeforum 1989  |c ed. Manfred Timmermann, Robert Maus, Wolfgang Ritscherle, Horst Sund 
250 |a 1. Aufl. 
264 1 |a St. Gallen  |b Universitätsverlag Konstanz  |c 1989 
300 |a 144 s. 
610 2 0 |a porovnanie medzinárodné 
610 2 0 |a demokracia 
610 2 0 |a hospodárstvo trhové 
610 2 0 |a výsledok hospodársky 
610 2 0 |a stabilita hospodárstva 
610 2 0 |a trh vnútorný 
610 2 0 |a Európa 
610 2 0 |a Nemecko 
700 1 |a Timmermann, Manfred 
700 1 |a Maus, Robert 
700 1 |a Ritscherle, Wolfgang 
700 1 |a Sund, Horst